000 00887nam a2200229 a 4500
001 25280
003 CO-ViMGA
008 141112s2004 ck r 000 u spa d
015 _ack - 2011 - 2013
020 _a9789582415112 (obra completa)
040 _aCO-ViMGA
_bspa
_cCO-ViMGA
082 0 4 _a510.71 I68
245 1 0 _aInteractivo :
_bmatemáticas /
_cMarta Lucía Acosta Mahecha ... [et al.]
260 _aBogotá :
_bSantillana,
_cc2011 - 2013
300 _av. . il. col., fot. col. ; 28 cm.
500 _aLibro 1 : Libro del estudiante - - Libro 2 : Taller de matemáticas
505 _aLibro 1 - 2, grados : 3 - 5
650 1 4 _aMatemáticas - Enseñanza primaria - Libros de texto
_94466
700 1 _aAcosta Mahecha, Martha Lucía
_94467
942 _2ddc
_cBK
990 _aSantillana grados 1 - 5, libros 1 - 2 (2 ej. de cada uno) 21 04/04/2013 n a836703 08/02/2013 08/02/2013
999 _c10306
_d10306